000 01234nam a2200277Ia 4500
003 OSt
005 20221005104725.0
006 a|||||r|||| 00| 0
007 ta
008 221004b |||||||| |||| 00| 0 san d
020 _c250
024 _a8779
037 _b20478, 08/01/2014, Hindi Madhyam Karyanvyan Nideshalye
_cTextual
040 _aCRL
_cCRL
_bsan
041 _2san
_asan
082 _aO15:gx5,1, 152N4
100 _aवामन
245 0 _aकाव्यालšाकारसूत्रवृत्ति
246 _aKāvyālašākārasūtravṛutti
260 _aदिल्ली
_bविश्वविद्यालय हिन्दी माध्यम कार्यान्वय निदेशालय भारत
_c1994
300 _a366पृ0
_ccm.
650 _aसंस्कृत साहित्य
700 _a सिद्वान्तशिरोमणि, विश्वेश्वर, अनु.
_9623828
942 _hO15:gx5,1, 152N4
_cTEXL
_2cc
999 _c1013598
_d1013598